000 00398nam a2200157Ia 4500
008 220216s9999 xx 000 0 und d
100 _aKasner A I
245 0 _aPorosity in rubber, A review (1996 reviews)
260 _bRubber Chemistry and Technology
_c1996
300 _a424-443
650 _a1996 reviews
650 _aPorosity
650 _aRubber
700 _aMeinecke E A
942 _cJS
999 _c65313
_d65313